000 00470nam a22001697a 4500
003 OSt
005 20220107122823.0
008 161222b xxu||||| |||| 00| 0 eng d
040 _cIIITMK
100 _aDipika Sengupta (93615024)
_911129
245 _aSecuring data in drug trials using blockchain
300 _aCSIS - Mini 3rd sem
502 _bCSIS
_c2015-17
_dINT
_eDr. Asharaf S
650 _aCOMPUTER SCIENCE
_911130
650 _aBLOCKCHAIN
_911131
942 _2ddc
_cPR
999 _c5514
_d5514